He Went to Paris Lyrics by Jimmy Buffet - Statistics

General Stats
  • This quiz has been taken 32 times
  • The average score is 143 of 251
Answer Stats
Lyrics % Correct
a
100%
He
100%
he
100%
Paris
100%
to
100%
To
100%
went
100%
an
96%
for
96%
him
96%
So
96%
so
96%
and
92%
And
92%
answers
88%
bothered
88%
Looking
88%
questions
88%
that
88%
I
83%
the
79%
The
79%
you
75%
his
71%
His
71%
was
71%
Young
71%
young
71%
Jim
67%
son
67%
wife
67%
good
63%
left
63%
life
63%
of
63%
on
63%
all
58%
Bombs
58%
day
58%
eye
58%
killed
58%
lady
58%
one
58%
only
58%
took
58%
war
58%
with
58%
baby
54%
had
54%
named
54%
actress
50%
at
50%
bore
50%
cheeses
50%
England
50%
French
50%
impressive
50%
Kim
50%
She
50%
world
50%
aggressive
46%
But
46%
own
46%
wines
46%
years
46%
away
42%
could
42%
do
42%
fine
42%
in
42%
just
42%
married
42%
shattered
42%
slipped
42%
They
42%
whole
42%
battered
38%
breezes
38%
cry
38%
it's
38%
Saving
38%
summer
38%
attic
33%
body
33%
Locked
33%
more
33%
piano
33%
Played
33%
twenty
33%
Warm
33%
bay
29%
drinks
29%
Fishes
29%
like
29%
or
29%
Scattered
29%
ambitions
25%
each
25%
five
25%
four
25%
green
25%
him so
25%
label
25%
magic
25%
Put
25%
say
25%
sound
25%
splinters
25%
Summers
25%
tragic
25%
Well
25%
what
25%
winters
25%
without
25%
islands
21%
lives
21%
motion
21%
Now
21%
ocean
21%
perpetual
21%
Skidded
21%
smile
21%
Some
21%
some
21%
Clean
17%
country
17%
don't
17%
found
17%
he'll
17%
living
17%
most
17%
Through
17%
way
17%
care
13%
freighter
13%
hearing
13%
If
13%
losing
13%
never
13%
people
13%
pylons
13%
quiet
13%
six
13%
were
13%
eighty
8%
He's
8%
hopped
8%
liked
8%
likes
8%
memoirs
8%
writing
8%
fallin'
4%
recallin'
4%
tears
4%
While
4%
No matching quizzes found
Score Distribution
Percent of People with Each Score
Percentile by Number Answered
Your Score History
You have not taken this quiz